000 00901nam a2200265 a 4500
003 CBULib
005 20231121135747.0
008 150729s2014 ||||||||||||||||| || u
040 _acbulIB
_bEnglish
_cCBULib
_erda
041 _aeng
050 _aUNCTAD(02)2014/3
110 _aUnited Nations Conference on Trade and Development (UNCTAD)
_9359
245 1 0 _aInvestment guide to the silk road 2014
_c/ by United Nations Conference on Trade and Development(UNCTAD)
260 _aNew York :
_bUnited Nations,
_c2014.
300 _ax,63p:ill.
336 _2rdacontent
_aText |
_btxt
337 _2rdamedia
_aUnmediated |
_bn
338 _2rdacarrier
_aVolume
_bnc
650 7 _aBUSINESS ENTERPRISES
_2fast
650 _aFORIEGN INVESTMENT
650 _aECONOMIC CONDITIONS
650 _aUNCTAD INVESTMENT GUIDE
942 _2mc
_c029
999 _c48290
_d48290